[Event "Paris-ch"]
[Site "Paris"]
[Date "1999.07.19"]
[Round "3"]
[White "Shchekachev, Andrei"]
[Black "Antal, Gergely"]
[Result "1-0"]
[WhiteElo "2505"]
[BlackElo "2308"]

1.c4 f5 2.g3 Nf6 3.Bg2 g6 4.Nf3 Bg7 5.O-O O-O 6.d4 d6 7.Nc3 Qe8 8.Re1 Qf7
9.b3 Ne4 10.Bb2 c5 11.Rc1 Nc6 12.e3 h6 13.d5 Ne5 14.Nxe5 Bxe5 15.Qc2 Nxc3
16.Bxc3 Bxc3 17.Qxc3 Qf6 18.e4 fxe4 19.Qd2 Kg7 20.Bxe4 Bg4 21.Re3 a6 22.Rce1 Rf7
23.Kg2 Raf8 24.f3 Bd7 25.h4 h5 26.f4 Re8 27.Kh2 b5 28.Bd3 bxc4 29.Bxc4 Qf5
30.Bxa6 e5 31.dxe6 Rxe6 32.Rxe6 Bxe6 33.Bf1 Bd5 34.Bh3  1-0

[Event "Paris-ch"]
[Site "Paris"]
[Date "1999.07.21"]
[Round "5"]
[White "Epishin, Vladimir"]
[Black "Szabolcsi, Janos"]
[Result "1-0"]
[WhiteElo "2657"]
[BlackElo "2441"]

1.d4 f5 2.g3 Nf6 3.Bg2 g6 4.Nf3 Bg7 5.O-O O-O 6.c4 d6 7.Nc3 Qe8 8.Bf4 h6
9.e4 fxe4 10.Nd2 Bg4 11.Qc2 Nc6 12.Be3 e5 13.dxe5 Nxe5 14.Ncxe4 Nxe4 15.Bxe4 Bf5
16.Bxf5 Rxf5 17.Bd4 Qf7 18.Bxe5 Bxe5 19.f4 Bd4+ 20.Kg2 Re8 21.Nf3 Bg7 22.Rac1 Rf6
23.b3 Rfe6 24.Rce1 Rxe1 25.Rxe1 Rxe1 26.Nxe1 Qe6 27.Nf3 Kf7 28.Nh4 d5 29.cxd5 Qxd5+
30.Kh3 Qe6+ 31.f5 gxf5 32.Qxc7+ Kf6 33.Qd8+ Kf7 34.Qc7+ Kf6 35.Qf4 Qe4 36.Qd6+ Qe6
37.Qd4+ Qe5 38.Qxa7 Qe4 39.Qb6+ Ke7 40.Qg6  1-0

[Event "Paris-ch"]
[Site "Paris"]
[Date "1999.07.21"]
[Round "5"]
[White "Rausis, Igors"]
[Black "Antal, Gergely"]
[Result "1-0"]
[WhiteElo "2496"]
[BlackElo "2308"]

1.d4 f5 2.g3 Nf6 3.Bg2 g6 4.Nf3 Bg7 5.O-O O-O 6.c4 d6 7.b3 Ne4 8.Bb2 Nc6
9.Nbd2 e5 10.d5 Ne7 11.b4 a5 12.a3 b5 13.cxb5 axb4 14.a4 Nc5 15.Nxe5 dxe5
16.d6 e4 17.Bxg7 Kxg7 18.dxe7 Qxe7 19.Qc2 Rd8 20.Qb2+ Qf6 21.Qxb4 Qd4 22.Qxd4+ Rxd4
23.Rfc1 Nxa4 24.Rxc7+ Kh6 25.Nf1 Bd7 26.Rb7 Nc5 27.Rxd7  1-0

[Event "Komercni Banka op"]
[Site "Pardubice"]
[Date "1999.07.24"]
[Round "9"]
[White "Haba, Petr"]
[Black "Glienke, Manfred"]
[Result "1-0"]
[WhiteElo "2544"]
[BlackElo "2389"]

1.d4 f5 2.g3 Nf6 3.Bg2 g6 4.Nf3 Bg7 5.O-O O-O 6.c4 d6 7.Nc3 e6 8.Re1 Ne4
9.Qc2 Nxc3 10.bxc3 c5 11.Bf4 Qc7 12.Qd3 cxd4 13.cxd4 Qd7 14.Rad1 Nc6 15.Qa3 Rd8
16.d5 exd5 17.Ng5 Ne7 18.Rxd5 Rf8 19.Rxd6 Qe8 20.Ne6 Bxe6 21.Rxe6 Rf7 22.Bxb7  1-0

[Event "Aceimar op 6th"]
[Site "Mondariz Balneario"]
[Date "1999.07.30"]
[Round "4"]
[White "Martinez Martin, David"]
[Black "Fernando, Diego"]
[Result "0-1"]
[WhiteElo "2390"]
[BlackElo "2221"]

1.d4 f5 2.Nf3 Nf6 3.g3 g6 4.Bg2 Bg7 5.O-O O-O 6.c4 d6 7.Nc3 Nc6 8.d5 Ne5
9.Nxe5 dxe5 10.e4 f4 11.gxf4 exf4 12.e5 Ng4 13.e6 Ne5 14.Re1 Nxc4 15.Re4 Nd6
16.Rxf4 c6 17.Rxf8+ Qxf8 18.Bg5 Nf5 19.Qa4 h6 20.Be3 a5 21.Bc5 Ra6 22.dxc6 bxc6
23.Re1 Ra8 24.Qg4 Kh7 25.Bxc6 Rb8 26.Ba3 Bb7 27.Bxb7 Rxb7 28.Qe4 Rb8 29.Kh1 Bd4
30.Rd1 Bxf2 31.Nd5 Bh4 32.Rf1 Ng3+ 33.hxg3 Qxf1+ 34.Kh2 Qf2+ 35.Qg2 Bxg3+
36.Kh3 Qxg2+ 37.Kxg2 Bh4 38.Kh3 Bg5 39.Kg4 Rb7 40.b3 Kg7 41.Bb2+ Kf8 42.Kf3 Rb5
43.Ke4 Rc5 44.a4 Rc2 45.Ba3 Ra2 46.Bc5 Rb2 47.b4 axb4 48.Nxb4 Re2+ 49.Kd5 Be3
50.a5 Bxc5 51.Kxc5 Re5+ 52.Kb6 Rxe6+ 53.Kb7 Re4 54.Nd5 Ra4 55.a6 h5 56.a7 h4
57.Nf4 Kf7 58.a8=Q Rxa8 59.Kxa8 g5  0-1

[Event "Hotel Agro IM A"]
[Site "Budapest"]
[Date "1999.07.31"]
[Round "2"]
[White "Krutti, Valer"]
[Black "Berg, Emanuel"]
[Result "0-1"]
[WhiteElo "2357"]
[BlackElo "2348"]

1.d4 f5 2.g3 g6 3.Bg2 Nf6 4.Nf3 Bg7 5.O-O O-O 6.c4 d6 7.Nc3 Qe8 8.b3 h6 9.Bb2 g5
10.d5 Na6 11.Nd4 Bd7 12.Qc2 Ng4 13.Ne6 Bxe6 14.dxe6 c6 15.h3 Ne5 16.f4 gxf4
17.gxf4 Ng6 18.e4 Nh4 19.Kh2 Nc5 20.Rae1 Nxe6 21.Bh1 Nd4 22.Qf2 Qh5 23.exf5 Ndxf5
24.Rg1 Kh7 25.Rg4 Bd4 26.Qd2 Rg8 27.Qe2 Rg6 28.Be4 Rag8 29.Rxh4 Qxh4 30.Bxf5 Qxf4+  0-1

[Event "Aceimar op 6th"]
[Site "Mondariz Balneario"]
[Date "1999.08.03"]
[Round "8"]
[White "Martinez Martin, David"]
[Black "Dias, Paulo"]
[Result "1-0"]
[WhiteElo "2390"]
[BlackElo "2207"]

1.d4 f5 2.g3 Nf6 3.Bg2 g6 4.Nf3 Bg7 5.O-O O-O 6.c4 d6 7.Nc3 c6 8.b4 Ne4 9.Bb2 c5
10.Nxe4 fxe4 11.Ng5 Nc6 12.e3 cxd4 13.b5 Ne5 14.Bxe4 e6 15.f4 dxe3 16.Nxh7 Kxh7
17.fxe5 Rxf1+ 18.Qxf1 d5 19.Bc2 Qg5 20.Qf3 Bd7 21.Re1 Rf8 22.Qxe3 Qxe3+ 23.Rxe3 Rc8
24.a4 Rxc4 25.Rc3 Rxc3 26.Bxc3 a6 27.Bd3 axb5 28.axb5 Bf8 29.Bd4 Kg7 30.h4 Be7
31.Kg2 g5 32.h5 Bb4 33.g4 Bd2 34.Kf3 Bf4 35.Be3 Bxe5 36.Bxg5 Bc3 37.h6+ Kh8
38.Be7 Be5 39.g5 Be8 40.g6 Bc3 41.Bf8  1-0

[Event "Hotel Agro IM A"]
[Site "Budapest"]
[Date "1999.08.06"]
[Round "8"]
[White "Serrer, Christoph"]
[Black "Antal, Gergely"]
[Result "1/2-1/2"]
[WhiteElo "2257"]
[BlackElo "2308"]

1.d4 f5 2.g3 Nf6 3.Bg2 g6 4.Nf3 Bg7 5.O-O O-O 6.c4 d6 7.Nc3 Qe8 8.d5 a5 9.Nd4 Na6
10.e4 Nxe4 11.Nxe4 fxe4 12.Bxe4 Bh3 13.Bg2 Bxg2 14.Kxg2 Nc5 15.Be3 e5 16.dxe6 Nxe6
17.Nxe6 Qxe6 18.Qd3 Rf5 19.h3 Raf8 20.Rae1 Qd7 21.Qe4 b5 22.b3 Re8 23.Qb7 bxc4
24.bxc4 d5 25.cxd5 Qxd5+ 26.Qxd5+ Rxd5 27.Rb1 Be5 28.Rfc1 Bd6 29.Rc4 Kf7
30.Kf3 Rd3 31.Rb2 Re7 32.Kg2 Ke8 33.Rbc2 Kd7 34.Bd2 Re2 35.Bxa5 Rxg3+ 36.Kf1 Rxc2
37.Rxc2 Rxh3 38.Kg2 Rd3 39.Bd2 c5 40.Be3 Kc6 41.Kf3 Kd5 42.Rc1 c4 43.Rh1 Ra3
44.Rxh7 c3 45.Ke2 Be5 46.Kd3 Rxa2 47.f4 Bd6 48.Rg7 c2 49.Bc1 Ra4  1/2-1/2

[Event "Scandic Hotels CC (Women)"]
[Site "Stockholm"]
[Date "1999.08.06"]
[Round "7"]
[White "Tsiganova, Monika"]
[Black "Agrest, Svetlana"]
[Result "1-0"]
[WhiteElo "2229"]
[BlackElo "2204"]

1.d4 f5 2.Nf3 Nf6 3.g3 g6 4.Bg2 Bg7 5.O-O O-O 6.c4 d6 7.Nc3 Nc6 8.d5 Na5
9.Nd2 c5 10.Qc2 Bd7 11.a3 Rc8 12.Rb1 a6 13.e3 b5 14.b3 Ng4 15.Re1 bxc4 16.bxc4 Rb8
17.Bb2 Ne5 18.Bf1 Qc7 19.h3 Rb7 20.f4 Nf7 21.Nd1 Bxb2 22.Nxb2 Rfb8 23.Nd3 Rxb1
24.Rxb1 Rxb1 25.Nxb1 Qb6 26.Nd2 Nh6 27.Be2 Kf7 28.Qc3 Kg8 29.Nf2 Nb7 30.g4 Nd8
31.Kh2 Qc7 32.Bf3 Nb7 33.g5 Nf7 34.h4 Ba4 35.h5 gxh5 36.Bxh5 Nbd8 37.Nf3 Nh8
38.Nh4 Bd7 39.Nh1 Qb6 40.Qc2 Qa5 41.Ng3 Qxa3 42.Ngxf5 Kf8 43.Qe4 Qb2+ 44.Kg3 e6
45.Nxd6 Qc1 46.Ng2 exd5 47.Qxh7  1-0

[Event "Budapest FS08 GM"]
[Site "Budapest"]
[Date "1999.08.09"]
[Round "3"]
[White "Jelen, Igor"]
[Black "Hoang Th Trang"]
[Result "1/2-1/2"]
[WhiteElo "2395"]
[BlackElo "2453"]

1.d4 f5 2.c4 g6 3.g3 Bg7 4.Bg2 Nf6 5.Nf3 O-O 6.O-O d6 7.Nc3 Qe8 8.d5 a5 9.Rb1 Bd7
10.b3 Na6 11.a3 c6 12.b4 axb4 13.axb4 c5 14.b5 Nc7 15.Na4 Ne4 16.Bb2 e6 17.Nb6 Rd8
18.Bxg7 Kxg7 19.Nxd7 Qxd7 20.dxe6 Qxe6 21.Qc1 Qf6 22.Rb2 Rfe8 23.e3 b6 24.Nd2 Nc3
25.Nb1 Nxb1 26.Rxb1 d5 27.cxd5 Nxd5 28.Bxd5 Rxd5 29.Rd1 Red8 30.Rxd5 Rxd5
31.Ra1 Rd7 32.Ra8 Qe6 33.Qa1+ Kh6 34.Ra4 g5 35.h4 g4 36.Qc1 Kg7 37.e4 fxe4
38.Qg5+ Qg6 39.Qe5+ Qf6 40.Qxe4 Rd1+ 41.Kg2 Qf3+ 42.Qxf3 gxf3+ 43.Kxf3 Rb1
44.g4 Rxb5 45.Ra7+ Kg6 46.h5+ Kg5 47.Kg3 c4 48.f4+ Kf6 49.g5+ Ke6 50.Rc7 Rb3+
51.Kg4 b5 52.f5+ Kd6 53.f6 Rb1 54.f7 Rf1 55.g6 hxg6 56.hxg6 Kxc7 57.g7 Rxf7
58.g8=Q Rd7 59.Kf5 Rd3 60.Ke5  1/2-1/2

[Event "Budapest FS08 IM"]
[Site "Budapest"]
[Date "1999.08.12"]
[Round "6"]
[White "Bottino, Alexei"]
[Black "Tuturin, Sergei"]
[Result "1/2-1/2"]
[WhiteElo "2207"]
[BlackElo "2268"]

1.Nf3 f5 2.d4 Nf6 3.g3 g6 4.Bg2 Bg7 5.O-O O-O 6.c4 d6 7.Nc3 Qe8 8.Re1 Qf7
9.Qd3 Ne4 10.Nxe4 fxe4 11.Qxe4 Nc6 12.Qe3 Qxc4 13.Qc3 Qxc3 14.bxc3 e5 15.Rd1 e4
16.Nd2 d5  1/2-1/2

[Event "Baunatal op 5th"]
[Site "Baunatal"]
[Date "1999.08.13"]
[Round "3"]
[White "Gasthofer, Viktor"]
[Black "Dubinsky, Leonid"]
[Result "1-0"]
[WhiteElo "2382"]
[BlackElo "2186"]

1.c4 f5 2.Nf3 Nf6 3.g3 g6 4.Bg2 Bg7 5.O-O O-O 6.d4 d6 7.Nc3 Qe8 8.b3 c5 9.Bb2 Na6
10.e3 Bd7 11.Qe2 Bc6 12.d5 Bd7 13.Nd2 Nc7 14.a4 b6 15.e4 f4 16.e5 dxe5 17.Qxe5 Qd8
18.Qe2 Bg4 19.Bf3 Bxf3 20.Nxf3 Qd7 21.Nb5 Nxb5 22.axb5 Qg4 23.Rae1 Ne8 24.Bxg7 Nxg7
25.Kg2 fxg3 26.fxg3 a6 27.bxa6 Rxa6 28.Ne5 Qc8 29.Nc6 Nf5 30.Rxf5 Qxf5 31.Nxe7+ Kg7
32.Nxf5+ Rxf5 33.Qe7+ Rf7 34.Qe5+ Kg8 35.Qe8+ Rf8  1-0

[Event "Faro op"]
[Site "Algarve"]
[Date "1999.08.14"]
[Round "5"]
[White "Frois, Antonio"]
[Black "Dias, Paulo"]
[Result "1/2-1/2"]
[WhiteElo "2397"]
[BlackElo "2207"]

1.Nf3 f5 2.g3 Nf6 3.Bg2 g6 4.O-O Bg7 5.d4 O-O 6.c4 d6 7.b3 Qe8 8.Bb2 h6 9.Nbd2 g5
10.e3 e5 11.dxe5 Ng4 12.Qc2 Nxe5 13.c5 Nxf3+ 14.Nxf3 Bxb2 15.Qxb2 dxc5 16.Qe5 g4
17.Qxe8 Rxe8 18.Nh4 c6 19.Rac1 Na6 20.Rfd1 Be6 21.Bf1 Rad8 22.Bd3 Rf8 23.Ng6 Rfe8
24.Nh4 Rf8 25.Ng6 Rfe8  1/2-1/2

[Event "London MSO Masters"]
[Site "London"]
[Date "1999.08.24"]
[Round "4"]
[White "Wastney, Scott"]
[Black "Tidman, Sophie"]
[Result "1/2-1/2"]
[WhiteElo "2193"]
[BlackElo "2073"]

1.Nf3 f5 2.d4 Nf6 3.g3 g6 4.Bg2 Bg7 5.O-O O-O 6.c4 d6 7.Nc3 c6 8.b3 Qc7 9.Bb2 e5
10.e3 e4 11.Nd2 a5 12.a3 Na6 13.b4 axb4 14.axb4 Bd7 15.Qb3 c5 16.bxc5 dxc5
17.Ba3 Rfd8 18.Nd5 Nxd5 19.cxd5 Be8 20.f3 cxd4 21.fxe4 dxe3 22.Rac1 Qe5 23.Nc4 Qd4
24.Rfd1 Qa7 25.Qxe3 b5 26.Qxa7 Rxa7 27.e5 bxc4 28.e6 c3 29.d6 Ba4 30.Re1 Bh6
31.Rxc3 Bd2 32.Rce3 Bxe1 33.Rxe1 Nb8 34.e7 Re8 35.Bd5+ Kg7 36.Bb2+ Kh6 37.Bc1+ Kg7
38.Bb2+ Kh6  1/2-1/2

[Event "ESP-ch"]
[Site "Palencia"]
[Date "1999.08.24"]
[Round "6"]
[White "Gallego, Victoriano"]
[Black "Teran Alvarez, Ismael"]
[Result "0-1"]
[WhiteElo "2348"]
[BlackElo "2419"]

1.d4 f5 2.g3 Nf6 3.Bg2 g6 4.Nf3 Bg7 5.O-O O-O 6.c4 d6 7.Nc3 Qe8 8.Nd5 Nxd5
9.cxd5 c6 10.Qb3 Kh8 11.dxc6 bxc6 12.Bd2 Na6 13.Qc4 Rb8 14.b3 c5 15.Rac1 Qb5
16.Qxb5 Rxb5 17.Bg5 Re8 18.Be3 Ra5 19.dxc5 dxc5 20.a4 Be6 21.Nd2 Rb8 22.Rfd1 h6
23.Nc4 Bxc4 24.Rxc4 Rxb3 25.Rd8+ Kh7 26.Bd5 g5 27.g4 Rb4 28.gxf5 Bf6 29.Ra8 Nc7
30.Bg8+ Kg7 31.Rc8 Raxa4 32.Rxc5 Rb1+ 33.Kg2 Nb5 34.Be6 Nd6 35.R8c7 Rg4+
36.Kf3 Rgg1 37.Rxe7+ Bxe7 38.Bd4+ Kf8 39.f6 Rb4 40.Bc3  0-1

[Event "EU-ch U18"]
[Site "Litohoto"]
[Date "1999.09.06"]
[Round "4"]
[White "Buhmann, Rainer"]
[Black "Berkvens, Joost"]
[Result "1-0"]
[WhiteElo "2386"]
[BlackElo "2268"]

1.d4 f5 2.Nf3 Nf6 3.g3 g6 4.Bg2 Bg7 5.O-O O-O 6.c4 d6 7.Nc3 Qe8 8.Nd5 Nxd5
9.cxd5 Qb5 10.Ng5 h6 11.Ne6 Bxe6 12.dxe6 d5 13.a4 Qc4 14.e3 c6 15.Bd2 Rf6
16.Re1 Qa6 17.b4 Qb6 18.Rb1 Rxe6 19.b5 Qc7 20.Qb3 Nd7 21.Rec1 Kh7 22.bxc6 bxc6
23.Qxd5 cxd5 24.Rxc7 Nf6 25.a5  1-0

[Event "Asia-chT (Women)"]
[Site "Shenyang"]
[Date "1999.10.11"]
[Round "3"]
[White "Battsetseg, Tuvshintugs"]
[Black "Zhao Xue"]
[Result "1/2-1/2"]
[WhiteElo "2218"]
[BlackElo "2374"]

1.Nf3 g6 2.c4 f5 3.g3 Bg7 4.d4 Nf6 5.Bg2 O-O 6.O-O d6 7.Nc3 c6 8.d5 Bd7 9.Rb1 Na6
10.Be3 c5 11.a3 h6 12.Ne1 g5 13.Nd3 Qe8 14.b4 f4 15.Bd2 cxb4 16.axb4 Rc8
17.Qb3 fxg3 18.fxg3 Qh5 19.Nf2 Ng4 20.Nxg4 Bxg4 21.e3 Bf5 22.Rbe1 Bd3 23.Rxf8+ Bxf8
24.Bf1 Bxf1 25.Rxf1 Qg4 26.Qb1 Bg7 27.Qg6 Rf8 28.Rxf8+ Kxf8 29.Qe4 Qxe4 30.Nxe4 Ke8
31.Kg2 Nc7 32.Kf3 b5 33.cxb5 Nxd5 34.Kg4 Kf7 35.Kh5 Nc7 36.Nf2 Nxb5 37.Ng4 d5
38.Nxh6+ Bxh6 39.Kxh6 Nd6 40.Bc1 Kf6 41.Kh5 Ne4 42.Kg4 Nf2+ 43.Kf3 Nd3 44.Bd2 Ne5+
45.Kg2 Nc4 46.Bc3+ e5 47.Kf3 g4+ 48.Kxg4 Nxe3+ 49.Kf3 Nf5 50.g4 d4 51.Bd2 Nd6
52.h4 Ke6 53.h5 Nc4 54.Bc1 d3 55.h6 Kf6 56.g5+ Kg6 57.Ke4 d2 58.Bxd2 Nxd2+
59.Kxe5 Nf1 60.b5 Ne3 61.Kd4 Nc2+ 62.Kc5 Na3 63.Kb4 Nc2+ 64.Kb3 Nd4+ 65.Kc4 Ne6  1/2-1/2

[Event "Wichern op 5th"]
[Site "Hamburg"]
[Date "1999.10.17"]
[Round "3"]
[White "Kahlert, Thomas"]
[Black "Ferkingstad, Sjur"]
[Result "1-0"]
[WhiteElo "2259"]
[BlackElo "2068"]

1.c4 f5 2.d4 g6 3.Nf3 Nf6 4.g3 Bg7 5.Bg2 O-O 6.O-O d6 7.Nc3 Nc6 8.d5 Na5
9.Qa4 c5 10.dxc6 bxc6 11.c5 dxc5 12.Be3 c4 13.b4 cxb3 14.axb3 Nb7 15.Ne5 Ne4
16.Nxe4 Bxe5 17.Rad1 Qc7 18.Ng5 Nd8 19.Qc4+ Kg7 20.Rd2 h6 21.Nf3 Bf6 22.Nd4 Bb7
23.Rfd1 a5 24.h4 Qc8 25.Qc5 Ne6 26.Qc4 Nxd4 27.Bxd4 e5 28.Bxe5 Bxe5 29.Rd7+ Kh8
30.Qe6 Bf6 31.h5 Ba6 32.hxg6 Bg7 33.Bxc6 Rf6 34.Qe7 Qg8 35.Bxa8  1-0

[Event "Wichern op 5th"]
[Site "Hamburg"]
[Date "1999.10.22"]
[Round "9"]
[White "Sturua, Zurab"]
[Black "Schleicher, Guido"]
[Result "1/2-1/2"]
[WhiteElo "2602"]
[BlackElo "2227"]

1.d4 f5 2.g3 Nf6 3.Bg2 g6 4.Nf3 Bg7 5.O-O O-O 6.c4 d6 7.Nc3 Nc6 8.d5 Ne5
9.Qb3 Kh8 10.Nd4 Bd7 11.f4 Neg4 12.e3 Rb8 13.h3 Nh6 14.Bd2 c6 15.Rad1 c5
16.Nf3 a6 17.a4 Nf7 18.Qc2 b5 19.axb5 axb5 20.cxb5 Bxb5 21.Nxb5 Rxb5 22.Bc3 Ne4
23.Bxg7+ Kxg7 24.g4 Ng3 25.Rfe1 Qd7 26.Nh2 Rfb8 27.Qf2 Ne4 28.Bxe4 fxe4 29.Re2 Qb7
30.Rdd2 c4 31.Rd4 Rxd5 32.Rxc4 Rb5 33.Rec2 Rxb2 34.Rxb2 Qxb2 35.Qxb2+ Rxb2
36.Rxe4 Kf8 37.Nf3 Ra2 38.Rb4 Ra7 39.Rb8+ Kg7 40.g5 e5  1/2-1/2

[Event "Wch U18 Girls"]
[Site "Oropesa del Mar"]
[Date "1999.10.25"]
[Round "2"]
[White "Plachkinova, T."]
[Black "Jurkiewicz, Katarzyna"]
[Result "0-1"]
[WhiteElo "2070"]
[BlackElo "2225"]

1.d4 f5 2.g3 Nf6 3.Bg2 g6 4.Nf3 Bg7 5.O-O O-O 6.c4 d6 7.Nc3 e6 8.Re1 Ne4
9.Rb1 Nxc3 10.bxc3 e5 11.e4 Nc6 12.d5 Ne7 13.c5 fxe4 14.Ng5 dxc5 15.Nxe4 b6
16.d6 cxd6 17.Nxd6 Be6 18.Bg5 Rb8 19.Nb5 Qxd1 20.Rbxd1 Nf5 21.Nxa7 h6 22.Bf4 Bxa2
23.Bxe5 Rbe8 24.Bxg7 Kxg7 25.Rd7+ Rf7 26.Rxf7+ Bxf7 27.Rxe8 Bxe8 28.Kf1 Kf6
29.Ke2 Ke5 30.Kd3 Kd6 31.Kc4 Bf7+ 32.Kb5 Kc7 33.Ka4 Nd6 34.Nb5+ Nxb5 35.Kxb5 Be8+
36.Kc4 Kd6 37.f4 b5+ 38.Kd3 Bd7 39.Bf3 h5 40.h4 Bf5+ 41.Ke3 Kc7 42.Bg2 Kb6
43.Bd5 Ka5 44.Bb3 c4 45.Bd1 b4 46.Kd2 Kb5 47.Be2 Ka4 48.cxb4 Kxb4 49.Bd1 c3+
50.Kc1 Kc4 51.Be2+ Kd4 52.Bd1 Ke3 53.Bc2 Kf3  0-1

[Event "Budapest FS11 IM"]
[Site "Budapest"]
[Date "1999.11.06"]
[Round "1"]
[White "Khechumyan, Gagik"]
[Black "Antal, Gergely"]
[Result "0-1"]
[WhiteElo "2332"]
[BlackElo "2308"]

1.d4 f5 2.Nf3 Nf6 3.g3 g6 4.Bg2 Bg7 5.O-O O-O 6.c4 d6 7.Nc3 Qe8 8.d5 a5 9.Be3 Na6
10.Qd2 Ng4 11.Bd4 Ne5 12.Bxe5 dxe5 13.e4 f4 14.Ng5 Nc5 15.Nb5 Qd8 16.b4 axb4
17.Qxb4 b6 18.Rfd1 Ra4 19.Qb2 Rxc4 20.Ne6 Bxe6 21.dxe6 Rd4 22.Nxd4 exd4 23.Rac1 Qd6
24.Qb5 d3 25.Rxc5 bxc5 26.Rxd3 Bd4 27.gxf4 Qxf4 28.Rf3 Qd2 29.Rxf8+ Kxf8
30.Qf1 c4  0-1

[Event "FSIM November"]
[Site "Budapest HUN"]
[Date "1999.11.12"]
[Round "7"]
[White "Keatinge Clay,A"]
[Black "Antal,Ge"]
[Result "0-1"]
[WhiteElo "2278"]
[BlackElo "2308"]

1.d4 f5 2.c4 Nf6 3.g3 g6 4.Bg2 Bg7 5.Nf3 O-O 6.O-O d6 7.Nc3 Qe8 8.d5 a5 9.Rb1 Na6
10.b3 Nc5 11.Nb5 Qd8 12.Bb2 c6 13.dxc6 bxc6 14.Nfd4 Bb7 15.Nc3 Qd7 16.f4 Ng4
17.Nc2 e5 18.h3 Nh6 19.e3 Nf7 20.Qd2 e4 21.Nd1 Qe7 22.Bc3 Bxc3 23.Qxc3 Nd8
24.Nf2 Qg7 25.Qd2 Nf7 26.Nd4 Qf6 27.Kh2 Rfd8 28.Rfc1 d5 29.Bf1 Ne6 30.Nxe6 Qxe6
31.Qc3 d4 32.exd4 Qf6 33.c5 Qxd4 34.Qxd4 Rxd4 35.Rd1 Rad8 36.Rxd4 Rxd4 37.Rd1 Rxd1
38.Nxd1 Nd8 39.Ne3 Kf8 40.Bc4 Bc8 41.g4 Ke7 42.Kg3 Kf6 43.g5+ Ke7 44.h4 Be6
45.h5 Nb7 46.Bxe6 Kxe6 47.h6 Nxc5 48.Nc4 Nd3 49.Nxa5 Nc1 50.Kf2 Nd3+ 51.Ke3 Nb4
52.Kf2 Nd5 53.Kg3 Nc3 54.Nxc6 Ne2+ 55.Kf2 Nxf4 56.a4 Nh3+ 57.Ke3 Nxg5 58.b4 Kd6
59.b5 Kc5 60.Nd8 Kb6 61.Kf4 Kc7 62.Nc6 Nf7 63.a5 Nxh6 64.a6 Ng4 65.a7 Kb7
66.b6 Nf6 67.Na5+ Ka8 68.Nc4 Nd5+ 69.Ke5 e3 70.Nxe3 Nxe3 71.Kd4 f4 72.Kc5 Kb7  0-1

[Event "ESP-chT Div 1"]
[Site "Cala Galdana"]
[Date "1999.11.13"]
[Round "6"]
[White "Comas Fabrego, Luis"]
[Black "Spraggett, Kevin"]
[Result "1/2-1/2"]
[WhiteElo "2510"]
[BlackElo "2521"]

1.d4 f5 2.Nf3 Nf6 3.g3 g6 4.Bg2 Bg7 5.O-O O-O 6.c4 d6 7.d5 c6 8.Nc3 cxd5
9.cxd5 Na6 10.Nd4 Nc5 11.b4 Nce4 12.Nxe4 Nxe4 13.Be3 Nf6 14.h3 a5 15.b5 Nh5
16.Qd2 Be5 17.Bh6 Bg7 18.Be3 Be5 19.Bh6  1/2-1/2

[Event "V Open"]
[Site "Lisbon POR"]
[Date "1999.11.18"]
[Round "6"]
[White "Frois,A"]
[Black "Dias,P"]
[Result "1-0"]
[WhiteElo "2397"]
[BlackElo "2207"]

1.Nf3 f5 2.g3 Nf6 3.Bg2 g6 4.O-O Bg7 5.d4 O-O 6.c4 d6 7.Nc3 Nc6 8.d5 Ne5
9.Nxe5 dxe5 10.Qb3 h6 11.c5 Kh8 12.Rd1 g5 13.Bd2 a6 14.Na4 e6 15.d6 cxd6
16.Nb6 Rb8 17.cxd6 Bd7 18.Ba5 e4 19.Nxd7 Qxd7 20.Bc7 Rbc8 21.Rac1 b5 22.f3 e5
23.fxe4 f4 24.gxf4 gxf4 25.Qh3 Ng4 26.Bf3 Rg8 27.Bxg4 Bf6 28.Kf2 Rxg4 29.Rg1 Rg7
30.Qxd7 Rxd7 31.Rg6 Re8 32.h4 Rc8 33.Rc5 Bg7 34.b4 Kg8 35.Ba5 Ra8 36.Rc7 Rad8
37.Ra7 Rxa7 38.Bxd8 Kf7 39.h5 Bf8 40.Bc7 Ra8 41.a3  1-0

[Event "Eu Team Ch"]
[Site "Batumi GEO"]
[Date "1999.12.02"]
[Round "4"]
[White "Bistric,F"]
[Black "Neiksans,A"]
[Result "1/2-1/2"]
[WhiteElo "2466"]
[BlackElo "2378"]

1.c4 f5 2.g3 Nf6 3.Bg2 g6 4.Nf3 Bg7 5.O-O O-O 6.d4 d6 7.b4 c6 8.Bb2 a5 9.a3 axb4
10.axb4 Rxa1 11.Bxa1 Ne4 12.Nbd2 Be6 13.d5 Bxa1 14.Nxe4 Bh8 15.Neg5 Bd7 16.Nd4 Qb6
17.Nge6 Rf7 18.Qd3 Na6 19.Rb1 Bxd4 20.Nxd4 Nxb4 21.dxc6 bxc6 22.Qd2 c5 23.Bd5 Nxd5
24.Rxb6 Nxb6 25.Nf3 Rf8 26.Qa5 Nc8 27.Ng5 h6 28.Qc7 hxg5 29.Qxd7 Kf7 30.Qc7 Kf6
31.h3 Ke5 32.e3 Ke4 33.Qb7+ Ke5 34.Kg2 Kf6 35.g4 Rh8 36.Kg3 Rf8 37.f4 gxf4+
38.exf4 fxg4 39.hxg4 Rg8 40.Kf3 Rf8 41.Ke4 Rd8 42.Kd5 Rf8 43.Qb2+ Kf7 44.Kc6 Rd8
45.Kc7 Rf8 46.Kd7 Re8 47.Qb7 e5 48.Qe4 Nb6+ 49.Kxd6 Re6+ 50.Kxc5 Nd7+ 51.Kb5 Nf6
52.Qf3 e4 53.Qe2 e3 54.f5 Re4 55.Kc6 g5 56.c5 Re7 57.Qc4+ Kf8 58.Qe2 Nxg4
59.Qxg4 e2 60.f6 e1=Q 61.fxe7+ Qxe7 62.Qc8+ Kg7 63.Kb6 Qe3 64.Qf5 Qb3+ 65.Kc7 Qf7+
66.Qxf7+ Kxf7  1/2-1/2

[Event "Eu Team Ch"]
[Site "Batumi GEO"]
[Date "1999.12.05"]
[Round "6"]
[White "O'Connell,G"]
[Black "Danner,G"]
[Result "0-1"]
[WhiteElo "2201"]
[BlackElo "2405"]

1.d4 f5 2.Nf3 g6 3.g3 Bg7 4.Bg2 Nf6 5.c4 O-O 6.O-O c6 7.b3 d6 8.Bb2 Na6 9.Nc3 Qa5
10.a3 f4 11.gxf4 Qh5 12.e4 Bh3 13.Ng5 Bxg2 14.Kxg2 Ng4 15.Nh3 Rxf4 16.Bc1 Rxf2+
17.Nxf2 Qxh2+ 18.Kf3 Rf8+ 19.Ke2 Rxf2+  0-1

[Event "Eu Team Ch"]
[Site "Batumi GEO"]
[Date "1999.12.06"]
[Round "7"]
[White "Huzman,A"]
[Black "Neiksans,A"]
[Result "1-0"]
[WhiteElo "2581"]
[BlackElo "2378"]

1.Nf3 f5 2.g3 Nf6 3.Bg2 g6 4.O-O Bg7 5.c4 O-O 6.d4 d6 7.Nc3 c6 8.d5 e5 9.dxe6 Bxe6
10.b3 Na6 11.Bb2 Qe7 12.Ng5 Nc5 13.Nxe6 Qxe6 14.Qc2 Rad8 15.Rad1 Rfe8 16.e3 Nce4
17.Nxe4 fxe4 18.Rd4 d5 19.cxd5 cxd5 20.Qd2 Rd7 21.Rd1 Nh5 22.Ra4 Bxb2 23.Qxb2 a6
24.Rad4 Nf6 25.Rc1 Rd6 26.Rd2 Rc8 27.Rxc8+ Qxc8 28.Bf1 Kf7 29.Kg2 Qe6 30.Be2 Rc6
31.b4 Qc8 32.Bd1 Rd6 33.h3 Qe6 34.Qd4 g5 35.Rc2 Rc6 36.Rxc6 Qxc6 37.Qe5 Kg6
38.Bb3 Qb5 39.h4 gxh4 40.gxh4 Kf7 41.Qd6 h5 42.Kg3 Kg6 43.Qe5 Qd3 44.Kf4 Qd2
45.Qf5+ Kg7 46.Kg5 Nh7+ 47.Kxh5 Nf6+ 48.Kg5 Nh7+ 49.Kg4 Nf6+ 50.Kg3 Qxb4
51.Qg5+ Kf7 52.Bxd5+ Nxd5 53.Qxd5+ Kg6 54.Kg4 Kh6 55.Qe6+  1-0

[Event "Open"]
[Site "Groningen NED"]
[Date "1999.12.27"]
[Round "8"]
[White "Friedman,A"]
[Black "Rechel,B"]
[Result "1/2-1/2"]
[WhiteElo "2332"]
[BlackElo "2404"]

1.Nf3 f5 2.d4 g6 3.g3 Bg7 4.Bg2 Nf6 5.O-O O-O 6.c4 d6 7.Nc3 c6 8.b3 e5 9.dxe5 dxe5
10.e4 Nh5 11.Ba3 Re8 12.Qxd8 Rxd8 13.Rad1 Re8 14.h3 f4 15.g4 Nf6 16.Rd3 Nfd7
17.Rfd1 Bf6 18.g5 Be7 19.Bxe7 Rxe7 20.h4 Na6 21.Na4 Nf8 22.Rd8 Rb8 23.R1d6 Bg4
24.Rxb8 Nxb8 25.Rd8 Na6 26.a3 Rd7 27.Rxd7 Nxd7 28.b4 Nc7 29.Nb2  1/2-1/2

[Event "Athens op"]
[Site "Athens"]
[Date "1999.??.??"]
[Round "6"]
[White "Manaj, Klement"]
[Black "Gelashvili, Tamaz"]
[Result "0-1"]
[WhiteElo "2234"]
[BlackElo "2512"]

1.Nf3 f5 2.d4 Nf6 3.c4 g6 4.g3 Bg7 5.Bg2 O-O 6.O-O d6 7.Qb3 c6 8.Nc3 h6 9.Re1 g5
10.c5+ Kh8 11.cxd6 exd6 12.h4 g4 13.Nh2 Nh5 14.e3 Nd7 15.Ne2 Nb6 16.a4 Qe7
17.a5 Be6 18.Qa3 Nd5 19.a6 b5 20.Bd2 Qd7 21.Rac1 Rac8 22.Bb4 Rfd8 23.Nf1 Nhf6
24.Nd2 Rb8 25.Ba5 Rdc8 26.Qd3 b4 27.b3 Ng8 28.Nc4 Nge7 29.Ra1 Rb5 30.Ra4 Rcb8
31.Rc1 Nf6 32.Nf4 Bd5 33.Nxd5 Nfxd5 34.Qd2 Qe6 35.Nb2 f4 36.gxf4 Nc3 37.Rxb4 Rxb4
38.Bxb4 Na2 39.Rc4 d5 40.Bxe7 dxc4 41.Nxc4 Qxe7 42.Qxa2 Qxh4 43.Bxc6 g3 44.Bg2 Rg8
45.fxg3 Qxg3 46.Qe2 Qg6 47.Nd2 Re8 48.Nf3 Qb1+ 49.Kf2 Rc8 50.Nd2 Qb2 51.Be4 Re8
52.Kf3 Qc3 53.Qb5 Rf8 54.Qd3 Qc8 55.Qf1 Qc3 56.Qd3 Qc8 57.Qf1 Qc3 58.Ke2 Qa5
59.Bd3 Re8 60.Ne4 Qa2+ 61.Kf3 Qxb3 62.Nd6 Qd5+ 63.Ne4 Qh5+ 64.Kf2 Rb8 65.Be2 Rb2
66.Ng3 Qh4 67.Qg2 Rb8 68.Kg1 Bf6 69.Qh2 Rb2 70.Qg2 Rb1+ 71.Nf1 Rb2 72.Qa8+ Bd8
73.Qf3 Rb6 74.Bd3 Re6 75.Qb7 Re7 76.Qc6 Rg7+ 77.Bg6 Qg4+ 78.Kf2 Qxg6 79.Qxg6 Rxg6
80.f5 Rxa6 81.Kf3 Ra2 82.e4 a5 83.e5 a4 84.d5 a3 85.d6 Rb2 86.e6 a2 87.e7 Bxe7  0-1

[Event "Bad Woerishofen op"]
[Site "Bad Woerishofen"]
[Date "1999.??.??"]
[Round "1"]
[White "Babar, Michael"]
[Black "Mainka, Romuald"]
[Result "0-1"]
[WhiteElo "2169"]
[BlackElo "2485"]

1.d4 f5 2.g3 Nf6 3.Bg2 g6 4.Nf3 Bg7 5.O-O O-O 6.c4 d6 7.Nc3 c6 8.Re1 Na6
9.a3 Nc7 10.e4 fxe4 11.Nxe4 Nxe4 12.Rxe4 Bf5 13.Re1 Qd7 14.Qb3 Kh8 15.Be3 Rab8
16.Qc3 b5 17.Nh4 Bh3 18.Bxh3 Qxh3 19.cxb5 Nxb5 20.Qd2 Rf7 21.Rac1 Qd7 22.a4 Nc7
23.Qc2 Nd5 24.Qxc6 Qxc6 25.Rxc6 Rxb2 26.Rc8+ Rf8 27.Rec1 Rb8 28.Rxf8+ Bxf8
29.Rc6 Kg8 30.Nf3 h6 31.Ra6 Rb7 32.Bd2 Kf7 33.Kg2 Bg7 34.Kf1  0-1

[Event "Landesliga Sued 9899"]
[Site "Bayern"]
[Date "1999.??.??"]
[Round "?"]
[White "Ruether, Rudolf"]
[Black "Wengler, Joerg"]
[Result "1/2-1/2"]
[WhiteElo "2110"]
[BlackElo "1995"]

1.d4 f5 2.Nf3 Nf6 3.g3 g6 4.Bg2 Bg7 5.O-O O-O 6.c4 d6 7.Nc3 Qe8 8.d5 Na6
9.Nd4 Bd7 10.e4 fxe4 11.Nxe4 Nxe4 12.Bxe4 c5 13.Nc2 b5 14.Ne3 Nc7 15.Rb1 Rb8
16.b3 bxc4 17.bxc4 Qf7 18.Qe2 Rxb1 19.Bxb1 e6 20.Be4 Bd4 21.Ng4 Kh8 22.Nh6 Qg7
23.h4 exd5 24.cxd5 Bh3 25.Bg2 Bxg2 26.Kxg2 Nxd5 27.Qe6 Nc3 28.Qxd6 Qf6 29.Qd7 Ne2
30.f4 Nxc1 31.Rxc1 Qg7 32.Qxg7+ Kxg7 33.Ng4 Rb8 34.Rc2 Re8 35.Nh2 Re3 36.Nf3  1/2-1/2